00950nabaa22001697a 4500003000400000005001700004008004100021040000700062100002500069245009900094300001200193500003600205505031000241505008900551650002700640773011300667OSt20260129001713.0190701b xxu||||| |||| 00| 0 spa d cPJ aMuñoz, Ricardo A. 13aEl principio only-once en la Ley Bases : bantecedentes e implicancias /cRicardo A. Muñoz.  ap. 5-20 aCita: TR LALEY AR/DOC/432/2025  aSumario: I. Introducción. El contexto normativo.— II. Normativa vigente antes de la Ley Bases. Derecho local.— III. Antecedentes comparados del instituto.— IV. El principio en la Ley Bases: su alcance y algunas derivaciones.— V. Implicancias del principio de only-once.— VI. Palabras finales.  t¿Te interesa el texto completo? Comunicate al correo: koha@justierradelfuego.gov.ar 0aDERECHO ADMINISTRATIVO0 02842dBuenos Aires : AbeledoPerrot, 2012-oDA121tDerecho administrativo. Nº 158 marzo/abril 2025z18510590